| 000 | 00485nam a22001817a 4500 | ||
|---|---|---|---|
| 003 | OSt | ||
| 005 | 20140310181748.0 | ||
| 008 | 130625t xxu||||| |||| 00| 0 eng d | ||
| 020 | _a8960000310 | ||
| 050 |
_aPL 937 _b.Ea13 2006 |
||
| 082 |
_aIB 951.94 _bEa1 2007 |
||
| 245 |
_aEasy english dictionary : _bEnglish-English-Korean / |
||
| 260 |
_aSl : _bRandom House Webster's, _cc2006. |
||
| 300 |
_a1120 p. : _c20 cm. |
||
| 541 | _j1 | ||
| 562 | _e1 | ||
| 942 |
_2lcc _cIB _kIB |
||
| 999 |
_c3060 _d3060 |
||